Statistiques concernant Echelle de mots : de je à t'aime

Cliquez ici pour prendre le quiz!

Statistiques générales

  • Ce quiz a été pris 7 090 fois
  • Le résultat moyen est 17 sur 21

Statistiques - réponses

IndiceRéponse% Correct
MoiJe
100%
Avion privé (ajouter 1 lettre)Jet
99%
Jeu, __ et matchSet
95%
S'en vaPart
91%
Les bateaux s'y amarrentPort
91%
T'apprécie beaucoup (ajouter 1 lettre)T'aime
90%
Pas raison (ajouter 1 lettre)Tort
89%
Le matinTôt
88%
Housse d'oreillerTaie
86%
IdiotSôt
84%
Étendue d'eau stagnanteMare
81%
PlanèteMars
81%
Pas mieux (enlever 1 lettre)Pire
78%
Ligne de ___Mire
77%
Par deux (ajouter 1 lettre)Paire
75%
BruitSon
75%
Pas le mienTon
75%
Arrête de parlerTais
74%
ExécuteFais
67%
PrêtParé
66%
Soufflé, sucré ou saléMaïs
62%

Distribution des résultats

Percentile par nombre de réponses

% des personnes avec chaque résultat

Votre développement - résultats

Vous n’avez pas pris ce quiz